Stolice państw Bliskiego Wschodu - Statystyki

Ogólne statystyki
  • Ten quiz został rozwiązany 5 067 razy
  • Średni wynik to 11 z 16
Odpowiedzi na mapie
Odpowiedzi zakodowano w zielono-czerwonej skali na mapie do tego quizu, zgodnie z poniższymi procentami.
 
Statystyki odpowiedzi
Państwo Stolica % Poprawnych
Turcja Ankara
96%
Egipt Kair
94%
Izrael / Terytoria Palestyny Jerozolima
88%
Cypr Nikozja
84%
Iran Teheran
83%
Syria Damaszek
78%
Zjednoczone Emiraty Arabskie Abu Zabi
77%
Arabia Saudyjska Rijad
77%
Kuwejt Kuwejt
74%
Irak Bagdad
73%
Liban Bejrut
66%
Katar Doha
64%
Jordania Amman
57%
Jemen Sana
49%
Oman Maskat
48%
Bahrajn Manama
41%
Nie znaleziono quizów pasujących do podanych kryteriów
Rozkład punktacji
Procent ludzi z każdym wynikiem
Percentyl według liczby udzielonych odpowiedzi
Twoja historia wyników
Nie rozwiązałeś tego quizu